=LDR 00000nam 2200000 4500 =001 INLIS000000000021480 =005 20130612120335 =008 ***********************************Ind** =035 ##$$0010-061300000021480 =041 ##$$a Ind =082 ##$$a F.From.D =090 ##$$a F.From.D, Ali l =100 ##$$a Ali, Muhammad =245 ##$$a Lapar, Muhammad Ali =260 ##$$a 1998 $b Surabaya =300 ##$$a viii, 71 hlm, 19 cm =650 ##$$a FIKSI Dewasa =850 ##$$a NBPNMAT